Česká retrospektivní bibliografie Řada 2 Časopisy Díl 2 Časopisy České republiky 1919-1945 (CERBI C2) Část 1 Bibliografie Sv. 2, L - S
| Other Authors: | |
|---|---|
| Format: | Book |
| Language: | Czech German |
| PhysicalDescription: | 544 s. 25 cm |
| Published: |
Brno
Sdružení knihoven ČR Moravská zemská knihovna
2006
|
| ISBN: | 8086249360 (viaz. : část 1, sv. 2) 8086249263 (CERBI súbor) 8086249352 (CERBI - rada Časopisy) |
| Subjects: |
MARC
| LEADER | 00000nam a2200000 a 4500 | ||
|---|---|---|---|
| 001 | vtls009173696 | ||
| 003 | SK-MaSNL | ||
| 005 | 20260301081420.0 | ||
| 008 | 080115s2006 xr g b 000 0 cze | ||
| 020 | |a 8086249360 (viaz. : část 1, sv. 2) | ||
| 020 | |a 8086249263 (CERBI súbor) | ||
| 020 | |a 8086249352 (CERBI - rada Časopisy) | ||
| 040 | |a SNK |b slo |c SNK |e AACR2 | ||
| 041 | 0 | |a cze |a ger | |
| 043 | |a e-xr--- | ||
| 044 | |a xr |c CZ | ||
| 072 | 7 | |a 050 |x Seriálové publikácie. Periodiká |2 konspekt | |
| 072 | 7 | |a 01 |x Bibliografia. Katalógy |2 konspekt | |
| 080 | |a 070.48 |2 2001 | ||
| 080 | |a 050+070.48 |2 2001 | ||
| 080 | |a (437.3) |2 2001 | ||
| 080 | |a 014-026.452 |2 2001 | ||
| 080 | |a 016 |2 2001 | ||
| 245 | 0 | 0 | |a Česká retrospektivní bibliografie |n Řada 2 |p Časopisy |n Díl 2 |p Časopisy České republiky 1919-1945 (CERBI C2) |n Část 1 |p Bibliografie |n Sv. 2, L - S |c Jaromír Kubíček a kolektiv |
| 246 | 3 | 0 | |a Bibliografie |
| 246 | 3 | 0 | |a Časopisy |
| 246 | 3 | 0 | |a Časopisy České republiky 1919-1945 |
| 246 | 3 | 0 | |a CERBI C2 |
| 260 | |a Brno |b Sdružení knihoven ČR |b Moravská zemská knihovna |c 2006 | ||
| 300 | |a 544 s. |c 25 cm | ||
| 500 | |a Rozložená tit. s. | ||
| 500 | |a Na obale použitá pretlač tit. s.: "Český časopis historický. Ročník XXV, sešit 3-4", z r. 1919, (Praha, Historický klub) | ||
| 546 | |a Text aj nem. | ||
| 648 | 7 | |a 1919-1945 |2 SNKPH |9 307585 | |
| 650 | 0 | 7 | |a časopisy |z Česko |y 1919-1945 |2 SNKPH |9 316546 |
| 650 | 0 | 7 | |a periodiká |z Česko |y 1919-1945 |2 SNKPH |9 316547 |
| 650 | 0 | 7 | |a Journals |z Czech Republic |y 1919-1945 |2 SNKPHeng |9 316548 |
| 650 | 0 | 7 | |a Periodicals |z Czech Republic |y 1919-1945 |2 SNKPHeng |9 316549 |
| 655 | 7 | |a špeciálne bibliografie |2 SNKPH |9 265391 | |
| 655 | 7 | |a retrospektívne bibliografie |2 SNKPH |9 70584 | |
| 655 | 7 | |a Special bibliography |2 SNKPHeng |9 316550 | |
| 655 | 7 | |a Retrospective bibliography |2 SNKPHeng |9 316551 | |
| 700 | 1 | |a Kubíček, Jaromír, |d 1938- |4 com |9 48338 | |
| 919 | |a 80-86249-36-0 | ||
| 919 | |a 80-86249-26-3 | ||
| 919 | |a 80-86249-35-2 | ||
| 999 | |c 655839 |d 657769 | ||
| 952 | |a SNK |b SNK |y VYP |7 0 |p 17A0631587 |o snkIC 136296/2/1/2 D1 |i snk2011/11826 |8 1 |0 0 |1 1 |4 0 |d 2011-05-23 |l 0 |r 2026-02-23 18:36:17 |w 2026-02-23 | ||
| 952 | |a SNK |b SNK |y VYP |7 0 |p 17A0578413 |o snkIC 136296/2/1/2 |i snk2008/3978 |8 2 |g 11.95 |0 0 |1 0 |4 0 |d 2008-01-15 |l 0 |r 2026-02-23 18:36:17 |w 2026-02-23 | ||


